000 00756nam a2200217 i 4500
001 bg
100 1 _aTOKARSKI, Jacek.
245 1 0 _aIlustrowany przewodnik po zabytkach kultury na Ukrainie.
_nT.2 /
_cJacek Tokarski.
260 _aWarszawa :
_bBurchard Edition,
_ccop.2000.
300 _a285, [1] s.,[1] k. tabl. złoż. :
_b1 mapa, rys. ;
_c21 cm.
504 _aBibliogr. s. 271-273. - Indeks.
651 9 _aUkraina
_xkultura
_xzabytki
_xprzewodnik
020 _a8387654116
040 _cBPK
041 0 _apl
080 _a913(477):7.025](036)
920 _a83-87654-11-6
942 _cKS
008 s pl f |000 0 pol
999 _c41038
_d41038
856 _uhttp://koha.tu.koszalin.pl/cgi-bin/koha/opac-detail.pl?biblionumber=41038
_yKatalog online BPK